000
00291nam a22001217a 4500
040
_c
SK
082
_a
639
100
_a
HUOT KONGHEANG
245
_a
Integrated aquaculture; វារីវប្បកម្មរួមផ្សំ
260
_a
RUA
_b
HUO
_c
NA
300
_a
61p.
942
_c
EK
999
_c
8881
_d
8881